|
|
|
|
| LEADER |
00000ngm a22000007i 4500 |
| 001 |
IT\ICCU\UBO\3653421 |
| 003 |
ItRI |
| 005 |
20260124182850.0 |
| 008 |
090619s1998 xxk|||||||||||||||k|||||c |
| 028 |
4 |
2 |
|a DTK051
|
| 040 |
|
|
|b ita
|
| 041 |
|
7 |
|a eng
|2 ISO-639-2
|
| 130 |
0 |
|
|a Lilies - Les feluettes <film ; 1996>
|3 IT\ICCU\UBO\3392607
|
| 245 |
0 |
0 |
|a Lilies /
|c a film by John Greyson.
|
| 260 |
|
|
|a London :
|b DTK information,
|c c1998
|
| 300 |
|
|
|a 1 videocassetta (VHS) (ca. 96 min) color., son
|
| 500 |
|
|
|a Tit. del contenitore
|
| 500 |
|
|
|a Film del 1996, prod. Canada
|
| 500 |
|
|
|a Vietato ai minori di 15 anni.
|
| 700 |
1 |
|
|a Greyson, John
|0 IT\ICCU\UBOV\918573
|
| 942 |
|
|
|2 ddc
|c VM
|n 0
|
| 952 |
|
|
|0 0
|1 0
|4 0
|6 VO_1657_000000000000000
|7 0
|9 27247
|a BO
|b BO
|d 2026-01-24
|i 12841
|l 0
|o VO 1657
|p BO12841
|r 2026-01-24 18:28:50
|w 2026-01-24
|x [Sebina 5] [1 videocassetta]
|y VM
|z 1 videocassetta
|
| 999 |
|
|
|c 23067
|d 23067
|